Pays avec le plus de roux. - Statistiques

Statistiques générales
  • Ce quiz a été pris 2 159 fois
  • Le résultat moyen est 12 sur 15
Statistiques - réponses
Rang Pays % Correct
7 France
97%
1 Irlande
96%
9 Suède
90%
13 Allemagne
89%
8 Norvège
88%
5 Belgique
86%
10 Finlande
86%
2 Royaume Uni
85%
3 Russie
85%
6 Pays Bas
82%
11 Danemark
81%
4 Islande
80%
14 Suisse
76%
12 Estonie
65%
15 Lettonie
60%
Aucun quiz correspondant
Distribution des résultats
% des personnes avec chaque résultat
Percentile par nombre de réponses
Votre historique - résultats
Vous n’avez pas pris ce quiz